01000 a2200169 45000010006000000050017000060080041000230030015000640400040000790800022001192450052001412640066001933000022002595050519002810410008008001000022008083780220260407155644.0260407a1995 arg spa dAR-UNSa-BCEJYS aAR-UNSa-BCEJYSbspacAR-UNSa-BCEJYS a657xContabilidad10aLecturas de teoría e investigación contable 1aMedellin :bCentro Interamericano Jurídico-Financieroc1995 ax, 418 p.c24 cm. a1. Subprogramas de investigación en la emisión de principios contables - 2. Algunos obstaculos con que se enfrenta la normalización contable - 3. La evolución del consepto de contabilidad a traves de sus deficiones - 4. Algunas implicaciones del paradigma de utilidad en la disciplina contable - 5. Los principios contables en el nuevo plan general de contabilidad - 6. La investigación empirica en contabilidad. Los enfoques en presencia; 7. La investigación en contabilidad: una reflexión personal. aspa1 aTua Pereda, Jorge